How faith works / (Record no. 5961)
[ view plain ]
| 000 -LEADER | |
|---|---|
| fixed length control field | 00750cam a2200265Ia 4500 |
| 001 - CONTROL NUMBER | |
| control field | 36966806 |
| 003 - CONTROL NUMBER IDENTIFIER | |
| control field | OCoLC |
| 005 - DATE AND TIME OF LATEST TRANSACTION | |
| control field | 20190111120617.0 |
| 008 - FIXED-LENGTH DATA ELEMENTS--GENERAL INFORMATION | |
| fixed length control field | 970527s1976 okua 000 0 eng d |
| 020 ## - INTERNATIONAL STANDARD BOOK NUMBER | |
| International Standard Book Number | 0892740019 |
| 020 ## - INTERNATIONAL STANDARD BOOK NUMBER | |
| International Standard Book Number | 9780892740017 |
| 028 00 - PUBLISHER OR DISTRIBUTOR NUMBER | |
| Publisher or distributor number | HH-001/395 |
| Source | Harrison House |
| 035 ## - SYSTEM CONTROL NUMBER | |
| System control number | (OCoLC)36966806 |
| Canceled/invalid control number | (OCoLC)7520650 |
| 040 ## - CATALOGING SOURCE | |
| Original cataloging agency | PBE |
| Transcribing agency | PBE |
| Modifying agency | OKO |
| -- | BAKER |
| -- | NZWPM |
| -- | BMS |
| -- | YDXCP |
| -- | OCLCO |
| 050 #4 - LIBRARY OF CONGRESS CALL NUMBER | |
| Classification number | BT771.2 |
| Item number | .P692 |
| 082 04 - DEWEY DECIMAL CLASSIFICATION NUMBER | |
| Classification number | 234.2 |
| Edition number | 19 |
| Item number | P945H |
| 092 0# - LOCALLY ASSIGNED DEWEY CALL NUMBER (OCLC) | |
| Classification number | 234.23 |
| Item number | P9456 |
| 100 1# - MAIN ENTRY--PERSONAL NAME | |
| Personal name | Price, Frederick K. C. |
| 245 10 - TITLE STATEMENT | |
| Title | How faith works / |
| Statement of responsibility, etc. | by Frederick K.C. Price. |
| 250 ## - EDITION STATEMENT | |
| Edition statement | 7th printing. |
| 260 ## - PUBLICATION, DISTRIBUTION, ETC. | |
| Place of publication, distribution, etc. | Tulsa, OK. : |
| Name of publisher, distributor, etc. | Harrison House, |
| Date of publication, distribution, etc. | c1976. |
| 300 ## - PHYSICAL DESCRIPTION | |
| Extent | 128 p. : |
| Other physical details | ill. ; |
| Dimensions | 22 cm. |
| 650 #0 - SUBJECT ADDED ENTRY--TOPICAL TERM | |
| Topical term or geographic name entry element | Faith. |
| 942 ## - ADDED ENTRY ELEMENTS (KOHA) | |
| Source of classification or shelving scheme | Dewey Decimal Classification |
| Koha item type | Books |
| Withdrawn status | Lost status | Source of classification or shelving scheme | Damaged status | Not for loan | Collection code | Home library | Current library | Shelving location | Date acquired | Cost, normal purchase price | Total Checkouts | Full call number | Barcode | Date last seen | Price effective from | Koha item type |
|---|---|---|---|---|---|---|---|---|---|---|---|---|---|---|---|---|
| Dewey Decimal Classification | Non-fiction | Harvest Mission College | Harvest Mission College | General Stacks | 11.01.2019 | 350.00 | 234.2 P945H | 006749 | 11.01.2019 | 11.01.2019 | Books |
